Wesołe robótki na cztery pory roku

Bibliographic Details
Main Author: Barff, Ursula (Author)
Format: Book
Language:Polish
PhysicalDescription:110 s. 27 cm 1 modelová príloha
Published: Warszawa Delta W-Z c1995
ISBN:8386698586
Series:Każde dziecko to potrafi
Subjects:

MARC

LEADER 00000nam a2200000 a 4500
001 vtls001289005
003 SK-MaSNL
005 20260301064907.0
008 251113s1995 PL a pol
020 |a 8386698586  |c b.c. 
035 |a SNK000240620 
035 |a urn:nbn:sk:snk-amlpco 
035 |a urn:nbn:sk:snk-am00c2kk 
035 |a 46D7CB0E-30AC-4FFC-B08B-FAB24055A924 
035 |a urn:nbn:sk:snk-am00cnkd 
035 |a 3EFF6D32-E9BD-443D-9B9F-C7764819ED27 
040 |a SNK  |b slo  |c SNK  |e AACR2 
041 0 |a pol 
044 |a PL 
080 |a 087.5  |2 1981 
100 1 |a Barff, Ursula  |4 aut  |9 42721 
245 1 |a Wesołe robótki na cztery pory roku  |c Ursula Barff ; [z języka niemieckiego tłumaczyła: Barbara Kocowska] 
260 |a Warszawa  |b Delta W-Z  |c c1995  |e Martin  |f Neografia 
300 |a 110 s.  |c 27 cm  |e 1 modelová príloha 
490 1 |a Każde dziecko to potrafi 
650 0 7 |a publikácie pre deti  |2 SNK  |9 249868 
830 0 |a Każde dziecko to potrafi  |9 288810 
919 |a 83-86698-58-6 
999 |c 628639  |d 630569 
952 |t P60, <03>, [BOOK], {603}  |a SNK  |b SNK  |y PREZ  |7 0  |p 17A0069546  |o snkSB 57054  |i snkKSP 5712/97  |0 0  |1 0  |4 0  |d 1997-06-06  |f 1  |l 0  |r 2025-04-09 00:00:00  |w 2026-02-23 
952 |t Príloha: 1 voľ. list  |a SNK  |b SNK  |y PREZ  |7 0  |p 17A1021160  |o snkSB 57054/príl.  |i snkKSP 5712/97  |3 Príloha: 1 voľ. listy  |0 0  |1 0  |4 0  |d 2012-12-19  |f 1  |l 0  |r 2025-04-09 00:00:00  |w 2026-02-23